50 Characters: 50 TV Quotes Quiz Stats

 Plays Quiz Updated Jul 7, 2016

     
Support Sporcle.
Go Orange.
Score 0/50 Timer 08:00
36 Plays Today
% Correct
Bugs Bunny
92.4%
Fred Flintstone
90.3%
Donald Trump
89.4%
Robin
86.3%
The Soup Nazi
83.9%
Spock
79.1%
Joey Tribbiani
78.5%
Regis Philbin
78%
Optimus Prime
76.3%
Jan Brady
74.9%
Charlie Brown
71.3%
Fonzie
70.5%
Mork
68.3%
Stan Marsh
67.2%
The Walton family
67%
Shaggy
65.5%
Ed Sullivan
64.2%
Steve Urkel
63.5%
Fox Mulder
62.7%
Lurch
62.7%
Jeff Probst
61.7%
Bender
61%
Ned Flanders
59.9%
David Banner
59.4%
Arnold Jackson
58.8%
% Correct
Stephanie Tanner
58.8%
Ed McMahon
58.5%
Fozzie Bear
58.5%
Barney Stinson
57%
Tattoo
54.2%
Michelangelo
52.8%
Michael Scott
50.9%
Stewie Griffin
48%
Hiro Nakamura
47.5%
Flo Castleberry
47.1%
J.J. Evans
46.7%
George Burns
45.3%
Kojak
44.9%
Ren
44.4%
B.A. Baracus
44.1%
Jean-Luc Picard
42.2%
Columbo
41.9%
Steve McGarrett
40.4%
Frank Barone
32.3%
Alf
30.5%
Joe Friday
30.5%
Hugo 'Hurley' Reyes
23.4%
Lorelai Gilmore
21.9%
Baldrick
19.6%
Sam Beckett
16.2%

From the Vault

'When Doves Cry' Lyrics

by sproutcm

Music 6m
The world lost a legend today. Prince, you will be missed.
Remove Ads.
Support Sporcle.
Get the best of Sporcle when you Go Orange. This ad-free experience offers more features, more stats, and more fun while also helping to support Sporcle. Thank you for becoming a member.

Show Comments

Extras

Top Quizzes Today


Score Distribution

Your Account Isn't Verified!

In order to create a playlist on Sporcle, you need to verify the email address you used during registration. Go to your Sporcle Settings to finish the process.

Report this User

Report this user for behavior that violates our Community Guidelines.

Details: